Države najbliže Srbiji - 15 sekundi sprint - Statistics

General Stats
  • This quiz has been taken 553 times
    547 since last reset
  • The average score is 5 of 20
Answer Stats
km zemlja % Correct
0 Hrvatska
68%
0 Bosna i Hercegovina
64%
0 Crna Gora
55%
0 Rumunija
44%
0 Makedonija
43%
0 Mađarska
41%
0 Bugarska
40%
38 Albanija
34%
187 Slovenija
17%
0 Kosovo
16%
114 Grčka
13%
485 Njemačka
7%
218 Austrija
5%
311 Italija
5%
313 Turska
5%
333 Češka
3%
189 Slovačka
3%
284 Ukrajina
3%
435 Moldavija
2%
334 Poljska
2%
No matching quizzes found
Score Distribution
Percent of People with Each Score
Percentile by Number Answered
Your Score History
You have not taken this quiz since the last reset